Top 10 Songs by Deep Purple - Statistics

General Stats
  • This quiz has been taken 3 times
  • The average score is 6 of 10
Answer Stats
Hint Answer % Correct
2 Highway Star
100%
1 Smoke on the Water
100%
5 Burn
67%
4 Child in Time
67%
6 Lazy
67%
3 Perfect Strangers
67%
7 Speed King
67%
8 Black Night
33%
10 Mistreated
33%
9 Space Truckin'
33%
No matching quizzes found
Score Distribution
Percent of People with Each Score
Percentile by Number Answered
Your Score History
You have not taken this quiz